| 000 | 00839nas a2200277 4500 | ||
|---|---|---|---|
| 001 | BR0304366 | ||
| 003 | BR-BrBNA | ||
| 005 | 20231205104024.0 | ||
| 007 | ta | ||
| 008 | 230509b bl.|||p| |||| 00| 00por d | ||
| 040 |
_aBR-BrBNA _bpor _cBiblioteca Nacional de Agricultura |
||
| 041 | _a(En) | ||
| 072 | _aL | ||
| 100 | 1 | _aRosa, P.C.S. | |
| 100 | 1 | _aPeiró, J.R. | |
| 100 | 1 | _aCampebell, R.C. | |
| 100 | 1 | _aValadão, C.A.A. | |
| 100 | 1 | _aBechara, G.H. | |
| 245 | 1 | _aEffects of diclofenac and dexamethasone on horse experimental endotoxemia | |
| 650 | _aCAVALO | ||
| 650 | _aVETERINÁRIA | ||
| 650 | _aMEDICAMENTO | ||
| 773 | 0 |
_tArquivo Brasileiro de Medicina Veterinária e Zootecnia (Brazil) _xISSN 0102-0935 _g(Jun 2003), v. 55(3) p. 279-286 _wBR0304366 |
|
| 909 |
_a202311 _bLúcia _c55 _dLúcia Elande |
||
| 942 |
_2AGRIS _n0 _cANA |
||
| 999 |
_c175993 _d175993 |
||